Karl Kurt Klein

Titel: Karl Kurt Klein : (1897 - 1971) ; Stationen des Lebens - Aspekte des Werkes - Spuren der Wirkung / hrsg. von Peter Motzan ...
Beteiligt:
Veröffentlicht: München : Südostdt. Kulturwerk, 2001
Umfang: 219 Seiten ; 24 cm
Format: Buch
Sprache: Deutsch
Schriftenreihe/
mehrbändiges Werk:
Veröffentlichungen des Südostdeutschen Kulturwerks. Reihe B, Wissenschaftliche Arbeiten ; 87
RVK-Notation:
Schlagworte:
ISBN: 3883561177
Buchumschlag
X
Lokale Klassifikation: 2 K 965 ; 55 8 S 5
alg: 10035432
001A    $06000:26-09-01 
001B    $01999:26-04-24 $t10:13:44.000 
001D    $03004:22-01-02 
001U    $0utf8 
001X    $00 
002@    $0Aau 
002C    $aText $btxt $2rdacontent 
002D    $aohne Hilfsmittel zu benutzen $bn $2rdamedia 
002E    $aBand $bnc $2rdacarrier 
003@    $0100354327 
003O    $0248106106 $aOCoLC 
004A    $03-88356-117-7 $f: DM 42.00 
006G    $0962676217 
006T    $001,N41,0530 
006U    $002,B11,0628 
007A    $0962676217 $aDNB 
007E    $030012019 
007T    $0Herdhh100354327 
010@    $ager 
011@    $a2001 $n2001 
013D    $#Beiträge Formschlagwort $#Einzelbeiträge $#Sammelwerk Formschlagwort $74143413-4 $8Aufsatzsammlung [Ts1] $9085562742 
013D    $RWissenschaftliche Literatur $RAufsatzsammlung $71071861417 $8Konferenzschrift [Ts1] $9359646190 $y1997 $zBistritz 
021A    $aKarl Kurt Klein $d(1897 - 1971) ; Stationen des Lebens - Aspekte des Werkes - Spuren der Wirkung $hhrsg. von Peter Motzan ... 
028C    $BHerausgeber $#Motzan, Peter $4edt $7132276437 $8Motzan, Peter$Z1946- [Tp1] $9182354202 
033A    $pMünchen $nSüdostdt. Kulturwerk 
034D    $a219 Seiten 
034I    $a24 cm 
036E    $aVeröffentlichungen des Südostdeutschen Kulturwerks. Reihe B, Wissenschaftliche Arbeiten $l87 
036F    $x287 $8Veröffentlichungen des Südostdeutschen Kulturwerks. Reihe B, Wissenschaftliche Arbeiten $9009268154 $l87 
039U    $aRezensiert in $8--Aox--Takács-Orosz, Katalin [Tnx]. Karl Kurt Klein (1897-1971) [Rezension], 2002 $9132101610 
039U    $aRezensiert in $8--Aox--Markel, Michael$Z1937- [Tp3]. Karl Kurt Klein (1897-1971) [Rezension], 2003 $9132337843 
041A/80 $i11.2p $i12.1p 
041A/90 $hXA-AT $hXA-RO 
044K    $qDNB $RPilder-Klein, Hermine $#Klein, Karl-Kurt $#Klein, Karl K. $#Klein, Karl-K. $#Klein, Karl $#Klein, K. K. $#Klein, K.-K. $#Klein, K. $7119482991 $8Klein, Karl Kurt$Z1897-1971 [Tp1] $9087822660 
045B    $a410.92 $eDDC21oclc 
045E    $a53 
045V    $801.08.00$jZu einzelnen Germanisten, Literaturtheoretikern und Essayisten [Tkx] $9118843184 
045Z    $8GB 2861 [Tkv] $9408289945 

lok: 10035432 3
101B    $007-11-05 $t10:57:59.000 
101C    $007-11-05 
145S/06 $a720 
101U    $0utf8 

exp: 10035432 3 1 #EPN
201B/01 $026-04-10 $t15:55:42.000 
201C/01 $008-01-02 
201U/01 $0utf8 
203@/01 $0166421693 
208@/01 $a08-02-02 $bzAa 
209A/01 $a87.235.84 $du $f000 $h87 235 84 $x00 
209G/01 $a87235840 $x00 
247C/01 $8601000-3 <30>Frankfurt, Universitätsbibliothek J. C. Senckenberg, Zentralbibliothek (ZB) $9102598258 

lok: 10035432 24
101B    $005-12-02 $t17:27:24.966 
101C    $022-01-02 
145Z/01 $a2 K 965 
145Z/02 $a55 8 S 5 
101U    $0utf8 

exp: 10035432 24 1 #EPN
201B/01 $021-12-02 $t12:47:36.000 
201C/01 $022-01-02 
203@/01 $0166942960 
208@/01 $a22-01-02 $bz 
209A/01 $a01.4208 $du $f050 $h01 4208 $x00 
209C/01 $a01.4208 T $h01 4208 T 
209G/01 $a70352567 $x00 
247C/01 $8358050-7 Marburg, Bibliothek des Herder-Instituts Marburg $9102600961 
201U/01 $0utf8 

lok: 10035432 62

exp: 10035432 62 1 #EPN
201B/01 $030-07-15 $t05:38:58.000 
201U/01 $0utf8 
203@/01 $0291252605 
206W/01 $0p28780 
208@/01 $a09-08-05 $be 
209A/01 $a/ $f000 $x00 
209B/01 $a2001 $x05 
244Z/01 $aKlein, Karl Kurt  $x01 
247C/01 $8Frankfurt, Bibliographie der Deutschen Sprach- und Literaturwissenschaft $9113214561 

lok: 10035432 78

exp: 10035432 78 1 #EPN
201B/01 $019-04-17 $t18:54:38.000 
201U/01 $0utf8 
203@/01 $0793380960 
208@/01 $a12-11-16 $be 
209A/01 $a/ $f000 $x00 
237A/01 $aweiterführende Signatur(en): Herder-Institut: 01.4208 
244Z/01 $2Trx $#Kesk- ja Ida- Euroopa kontseptsioonid $#Vidurio Europos koncepcijos $#East-Central Europe $#Keletközépeurópa-eszmék $#Europa Środkowo-Wschodnia koncepcje $#Európa stredovýchodná koncepcie $#Evropa střední, východní část koncepce $#Mitteleuropa $#Osteuropakonzeptionen $#Europa Środkowa koncepcje $#Stredná Európa koncepcie $#Střední Europa koncepce $8--Trx--Ostmitteleuropakonzeptionen $x01 $9391364286 
244Z/01 $aGeschichte 1897-1971 $x02 
244Z/01 $2Trx $#dzieło zbiorowe $8--Trx--Sammelwerk $x03 $9391384597 
247C/01 $82080>Marburg/Lahn, Herder-Institut, Forschungsbibliothek, Bibliographieportal $9336309341
LEADER 00000cam a2200000 c 4500
001 100354327
003 DE-603
005 20240426101344.0
007 tu
008 010926s2001 xx |||| | u10||u|ger
015 |a 02,B11,0628  |z 01,N41,0530  |2 dnb 
016 7 |2 DE-101  |a 962676217 
020 |a 3883561177  |c : DM 42.00 
035 |a (DE-599)DNB962676217 
035 |a (OCoLC)248106106 
040 |a DE-603  |b ger  |c DE-603  |d DE-603 
041 |a ger 
043 |c XA-AT  |c XA-RO 
082 7 |a 410.92  |2 21/oclc 
084 |a 53  |q DE-101  |2 sdnb 
084 |a GB 2861  |0 (DE-625)38096:13554  |0 (DE-603)408289945  |2 rvk 
084 |a 11.2p  |a 12.1p  |q DE-101  |2 sdnb 
245 0 0 |a Karl Kurt Klein  |b (1897 - 1971) ; Stationen des Lebens - Aspekte des Werkes - Spuren der Wirkung  |c hrsg. von Peter Motzan ... 
264 1 |a München  |b Südostdt. Kulturwerk  |c 2001 
300 |a 219 Seiten  |c 24 cm 
336 |a Text  |b txt  |2 rdacontent 
337 |a ohne Hilfsmittel zu benutzen  |b n  |2 rdamedia 
338 |a Band  |b nc  |2 rdacarrier 
490 1 |a Veröffentlichungen des Südostdeutschen Kulturwerks. Reihe B, Wissenschaftliche Arbeiten  |v 87 
600 1 7 |a Klein, Karl Kurt  |d 1897-1971  |0 (DE-588)119482991  |0 (DE-603)087822660  |2 gnd 
655 7 |a Aufsatzsammlung  |2 gnd-content  |0 (DE-588)4143413-4  |0 (DE-603)085562742 
655 7 |a Konferenzschrift  |y 1997  |z Bistritz  |2 gnd-content  |0 (DE-588)1071861417  |0 (DE-603)359646190 
700 1 |a Motzan, Peter  |d 1946-  |e Herausgeber  |4 edt  |0 (DE-603)182354202  |0 (DE-588)132276437  |2 gnd 
787 0 8 |i Rezensiert in  |a Takács-Orosz, Katalin  |t Karl Kurt Klein (1897-1971) [Rezension]  |w (DE-603)132101610 
787 0 8 |i Rezensiert in  |a Markel, Michael, 1937-  |t Karl Kurt Klein (1897-1971) [Rezension]  |w (DE-603)132337843 
810 2 2 |a Südostdeutsches Kulturwerk  |t Veröffentlichungen des Südostdeutschen Kulturwerks  |n Reihe B  |p Wissenschaftliche Arbeiten  |v 87  |w (DE-603)009268154  |w (DE-600)503265-9  |9 287  |7 as 
924 0 |9 30  |a (DE-603)166421693  |b DE-30  |c HES  |d c  |g 87.235.84 
924 0 |9 Mb 50  |a (DE-603)166942960  |b DE-Mb50  |c HES  |d c  |g 01.4208 
924 0 |9 603  |a (DE-603)291252605  |b DE-603  |c HES  |d d 
924 0 |9 2080  |a (DE-603)793380960  |b DE-2080  |c HES  |d d  |g /